British Garden Birds by Picture - Statistics

General Stats
  • This quiz has been taken 57 times
  • The average score is 15 of 24
Answer Stats
Picture Answer % Correct
Magpie
92%
Robin
92%
Blackbird
90%
Blue Tit
84%
Starling
84%
Great Tit
80%
House Sparrow
73%
Wren
73%
Wood Pigeon
65%
Jackdaw
63%
Chaffinch
61%
Goldfinch
61%
Bullfinch
59%
Collared Dove
57%
Great Spotted Woodpecker
57%
Pied Wagtail
55%
Coal Tit
53%
Greenfinch
49%
Long-tailed Tit
49%
Song Thrush
47%
Dunnock
43%
House Martin
39%
Fieldfare
18%
Brambling
12%
No matching quizzes found
Score Distribution
Percent of People with Each Score
Percentile by Number Answered
Your Score History
You have not taken this quiz